| 000 | 00787nam a22002655i 4500 | ||
|---|---|---|---|
| 001 | 11487 | ||
| 003 | ES-MaACL | ||
| 005 | 20251004063041.0 | ||
| 007 | t| | ||
| 008 | 930901s1992 sp ||||0| spa j | ||
| 020 | _a84-7100-344-9 | ||
| 040 |
_aM-BN _bspa _cM-BN |
||
| 080 | _a9(=98:82) | ||
| 100 | 0 |
_aHernández, Isabel, _d1948- _962820 |
|
| 245 | 1 | 4 |
_aLos indios de Argentina / _cIsabel Hernández. |
| 260 |
_aMadrid : _bMAPFRE, _c[1992] |
||
| 300 |
_a333 p ; _c23 cm. |
||
| 490 | 1 |
_aColección Indios de América ; _v4 |
|
| 500 | _aIndice. | ||
| 504 | _aBibliografía: p. [278]-317. | ||
| 650 | 1 | 7 |
_aIndios de Argentina _2embne _913684 |
| 830 | 0 |
_aColección Indios de América ; _v4 _9179123 |
|
| 852 |
_aES-MaACL _jL-18812 _bR.124191 |
||
| 999 |
_c11487 _d11487 |
||